El buen doctor /

Bibliographic Details
Main Author: Kalanithi, Paul (Author)
Other Authors: Verghese, Abraham, 1955- (contributor agent of text.), Mercado, Enrique (Translator)
Format: Electronic eBook
Language:Spanish
English
Published: Ciudad de México : Océano, [2016]
Edition:Primera edición en libro electrónico.
Subjects:
Online Access:Digitalia Hispánica

MARC

LEADER 00000nam a2200000Ii 4500
001 DIGOCEANO0036
003 NyNyDIG
006 m o d
007 cr |||||||||||
008 240404s2016 mx o 000 0bspa d
035 |a (OCoLC)1004953811 
040 |a DGITA  |b eng  |e rda  |e pn  |c DGITA 
020 |a 9786077358657  |q eBook 
020 |z 9786077358640 
041 1 |a spa  |h eng 
050 1 4 |a RC280.L8 ebook 
082 0 4 |a 616.994240092  |2 23 
100 1 |a Kalanithi, Paul,  |e author. 
240 1 0 |a When breath becomes air.  |l Spanish  |s (Mercado) 
245 1 3 |a El buen doctor /  |c Paul Kalanithi ; prólogo de Abraham Verghese ; traducción de Enrique Mercado. 
250 |a Primera edición en libro electrónico. 
264 1 |a Ciudad de México :  |b Océano,  |c [2016] 
300 |a 1 online resource. 
336 |a text  |b txt  |2 rdacontent 
337 |a computer  |b c  |2 rdamedia 
338 |a online resource  |b cr  |2 rdacarrier 
347 |a text file  |2 rdaft 
347 |b EPUB 
588 0 |a Online resource; title from ePub title page (Digitalia, viewed April 4, 2024) 
600 1 0 |a Kalanithi, Paul  |x Health. 
650 0 |a Lungs  |x Cancer  |x Patients  |z United States  |v Biography. 
650 0 |a Neurosurgeons  |v Biography. 
650 0 |a Husband and wife. 
700 1 |a Verghese, Abraham,  |d 1955-  |e contributor agent of text. 
700 1 |a Mercado, Enrique,  |e translator. 
700 1 |i Translation of:  |a Kalanithi, Paul.  |t When breath becomes air. 
791 2 |a Digitalia (Firm),  |e distributor. 
793 0 |g Digitalia eBook Collection:  |a Editorial Océano 
776 0 8 |i Print version:  |a Kalanithi, Paul.  |s When breath becomes air. Spanish (Mercado).  |t Buen doctor.  |d Ciudad de México : Océano, [2016]  |z 9786077358640 
856 4 0 |3 Digitalia Hispánica  |u https://www.digitaliapublishing.com/a/85234/ 
910 |a Premium collection: 2024